000 00321nam a22001217a 4500
008 260424b |||||||| |||| 00| 0 eng d
082 _a001295
100 _aKannan, Nidhesh B
245 _aThe Kamashastra History Life and Culture
260 _aDelhi
_bNew Bharatiya Book Corporation
_c2020
300 _a206p
942 _2ddc
999 _c1320
_d1320